000 00358cam a2200145ua 4500
041 _aeng
_h
082 _a822
_bTCH/TC
100 _aTchekhov, .
245 _aTchekov`s plays and stories /
_cTchekhov.
_hTextual Documents
260 _aLondon :
_bJ M Dent and Sons Ltd ,
_c1962.
300 _a360 ; .
504 _a
942 _cBK
999 _c5349
_d5349